Central Library OPAC University of Rajshahi

নরেন্দ্রনাথ মিত্রের শ্রেষ্ঠ গল্প / (Record no. 84859)

MARC details
000 -LEADER
fixed length control field 01003nam a2200241 a 4500
001 - CONTROL NUMBER
control field 84859
003 - CONTROL NUMBER IDENTIFIER
rucl marc code BD-RjUL
005 - DATE AND TIME OF LATEST TRANSACTION
control field 20250427120333.0
008 - FIXED-LENGTH DATA ELEMENTS--GENERAL INFORMATION
fixed length control field 250427s1962 ii ||||| |||| 00| 0 ben d
035 ## - SYSTEM CONTROL NUMBER
System control number (BD-RjUL)84859
040 ## - CATALOGING SOURCE
Original cataloging agency BD-RjUL
Language of cataloging eng
Transcribing agency BD-RjUL
041 ## - LANGUAGE CODE
Language code of text/sound track or separate title ben
082 ## - DEWEY DECIMAL CLASSIFICATION NUMBER
Edition number 23
Classification number 891.443
Author mark and year MIN 1962
100 ## - MAIN ENTRY--PERSONAL NAME
Personal name মিত্র, নরেন্দ্রনাথ
9 (RLIN) 15328
245 ## - TITLE STATEMENT
Title নরেন্দ্রনাথ মিত্রের শ্রেষ্ঠ গল্প /
Statement of responsibility, etc. নরেন্দ্রনাথ মিত্র
260 ## - PUBLICATION, DISTRIBUTION, ETC. (IMPRINT)
Place of publication, distribution, etc. কলিকাতা :
Name of publisher, distributor, etc. মিত্র ও ঘোষ,
Date of publication, distribution, etc. [১৯৬২?]
300 ## - PHYSICAL DESCRIPTION
Pagination ২১৮ পৃ.;
Size ২৩ সেমি.
600 ## - SUBJECT ADDED ENTRY--PERSONAL NAME
Personal name মিত্র, নরেন্দ্রনাথ,
Dates associated with a name ১৯১৬ - ১৯৭৫
Personal name Mitra, Narendranath,
Dates associated with a name 1916 - 1975
650 ## - SUBJECT ADDED ENTRY--TOPICAL TERM
Topical term or geographic name as entry element বাংলা সাহিত্য
General subdivision গল্পসমূহ
9 (RLIN) 15331
Topical term or geographic name as entry element Bengali Literature
General subdivision Stories
942 ## - ADDED ENTRY ELEMENTS (KOHA)
Source of classification or shelving scheme Dewey Decimal Classification
Koha item type Books
Holdings
Lost status Source of classification or shelving scheme Damaged status Not for loan Collection code Permanent Location Current Location Shelving location Date acquired Source of acquisition Cost, normal purchase price Total Checkouts Full call number Date last seen Copy number Koha item type
  Dewey Decimal Classification   Not For Loan Fiction Central Library, University of Rajshahi Central Library, University of Rajshahi Reading Room 21/11/1962 Komala Book 5.00   B 891.443 MIN 1962 27/04/2025 C-1 Books